000 02019cam a2200397 a 4500
999 _c1847
_d1847
001 4766448
003 CaAEU
005 20210630130647.0
008 090626s2011 maua bq 001 0 eng
010 _a 2009025661
020 _a9781256429593
020 _a9780131938465 (pbk.)
020 _a0131938460 (pbk.)
035 _aocn213835362
040 _aDLC
_cDLC
_dYDX
_dBWX
_dYDXCP
_dUV0
_dDEBBG
_dAEU
049 _aUABA
050 0 0 _aPN1995.9.H5
_bP45 2011
082 0 0 _a791.43/658
_222
090 _aPN 1995.9 H5 P45 2011
_bAEU
100 1 _aPereboom, Maarten L.,
_d1962-
245 1 0 _aHistory and film :
_bmoving pictures and the study of the past /
_cMaarten Pereboom.
250 _aCustom Edition of
_bUniversity of Waterloo
260 _aBoston :
_bPearson
_cc2011.
300 _a200p. :
_bill. ;
_c23 cm.
336 _atext
_btxt
_2rdacontent
337 _aunmediated
_bn
_2rdamedia
338 _avolume
_bnc
_2rdacarrier
504 _aIncludes filmography and webliography.
504 _aIncludes bibliographical references and index.
505 0 _aMoving pictures as a historical resource -- The interaction of moving pictures and history -- The sum of its parts : understanding the medium -- Assessing a film's historical content -- Documentary films as primary and secondary sources -- "Based on a true story" : history and biography in narrative film -- A sense of time and place : historical fiction -- Capturing the moment : narrative movies as historical and cultural artifacts -- Around the world in eighty (or so) movies -- Your turn : writing about history in film -- Your research portal : sources on history in film.
650 0 _aHistorical films
_xHistory and criticism.
650 0 _aMotion pictures and history.
856 4 1 _3Table of contents
_uhttp://bvbr.bib-bvb.de:8991/F?func=service&doc%5Flibrary=BVB01&doc%5Fnumber=018934134&line%5Fnumber=0001&func%5Fcode=DB%5FRECORDS&service%5Ftype=MEDIA
942 _2lcc
_cBK
_nMW
949 _aPN 1995.9 H5 P45 2011
_c1
_hUAHS-B
_i0162029037999